000 00429pab a2200169 454500
008 180718b2002 xxu||||| |||| 00| 0 eng d
100 _aShastree, Nalink K.
245 _aDistance education: the third wave in higher education
260 _c2002
300 _ap.3-12
362 _a28 Jan
650 _aEducation
650 _aHigher education
650 _aDistance education
773 _aUniversity News
909 _a51492
999 _c51492
_d51492